LEADER 01246nam 2200349 450 001 9910147061503321 005 20231020015822.0 010 $a0-7381-0609-7 035 $a(CKB)1000000000035155 035 $a(NjHacI)991000000000035155 035 $a(EXLCZ)991000000000035155 100 $a20231020d1996 uy 0 101 0 $aeng 135 $aur||||||||||| 181 $ctxt$2rdacontent 182 $cc$2rdamedia 183 $acr$2rdacarrier 200 10$aIEEE Std 1460-1996 $eIEEE Guide for the Measurement of Quasi-Static Magnetic and Electric Fields /$fInstitute of Electrical and Electronics Engineers 210 1$aNew York, NY :$cIEEE,$d1996. 215 $a1 online resource (v, 19 pages) $cillustrations 311 $a1-55937-873-5 330 $aA listing of possible measurement goals related to characterizing quasi-static magnetic and electric fields and possible methods for their accomplishment is provided. 517 $aIEEE Std 1460-1996 606 $aElectric fields$xMeasurement$vCongresses 615 0$aElectric fields$xMeasurement 676 $a537 801 0$bNjHacI 801 1$bNjHacl 906 $aDOCUMENT 912 $a9910147061503321 996 $aIEEE Std 1460-1996$93574605 997 $aUNINA LEADER 02423nam 2200469 450 001 9910818483303321 005 20230814221459.0 010 $a1-118-83365-1 010 $a1-119-36917-7 035 $a(CKB)4100000001040228 035 $a(MiAaPQ)EBC5131973 035 $a(Au-PeEL)EBL5131973 035 $a(CaPaEBR)ebr11465244 035 $a(OCoLC)1012347336 035 $a(EXLCZ)994100000001040228 100 $a20171208h20182018 uy 0 101 0 $aeng 135 $aurcnu|||||||| 181 $2rdacontent 182 $2rdamedia 183 $2rdacarrier 200 00$aProcess architecture in biomanufacturing facility design /$fedited by Jeffery Odum and Michael C. Flickinger 210 1$aHoboken, New Jersey :$cWiley,$d2018. 210 4$dİ2018 215 $a1 online resource (397 pages) $cillustrations (some color) 311 $a1-118-83367-8 320 $aIncludes bibliographical references at the end of each chapters and index. 327 $aIntroduction to biomanufacturing / Mark F. Witcher -- Product-process-facility relationship / Jeffery Odum -- Regulatory considerations of biomanufacturing facilities / Kip Priesmeyer -- Biopharmaceutical facility design and validation / Jeffery Odum -- Closed systems in bioprocessing / Jeffery Odum -- Aseptic manufacturing considerations for biomanufacturing facility design / Jeffery Odum, Hartmut Schaz, and Larry Pressley -- Facility control of microorganisms : containment and contamination / Jonathan Crane -- Process-based laboratory design / Henriette Schubert and Flemming K. Nielsen -- Case study : pharmaceutical pilot plant design and operation / Beth H. Junker -- Addressing sustainability in biomanufacturing facility design / Josh Capparella, Samuel Colucci, Daniel Conner, Robert Dick, and Amanda Weko -- Technology's impact on the biomanufacturing facility of the future / Jeffery Odum and Mark F. Witcher. 606 $aFactories$xDesign and construction 606 $aPharmaceutical biotechnology industry 615 0$aFactories$xDesign and construction. 615 0$aPharmaceutical biotechnology industry. 676 $a725/.4 702 $aOdum$b Jeffery N. 702 $aFlickinger$b Michael C. 801 0$bMiAaPQ 801 1$bMiAaPQ 801 2$bMiAaPQ 906 $aBOOK 912 $a9910818483303321 996 $aProcess architecture in biomanufacturing facility design$94122042 997 $aUNINA